[Event "FIDE Women GP Monaco 2019"]
[Site "Monaco"]
[Date "2019.12.11"]
[Round "8.5"]
[White "Cramling, Pia"]
[Black "Muzychuk, Mariya"]
[Result "1/2-1/2"]
[WhiteElo "2461"]
[BlackElo "2559"]
[Annotator "ChessBase"]
[PlyCount "171"]
[EventDate "2019.12.03"]
[EventType "tourn"]
[EventCountry "MNC"]
[SourceTitle "playchess.com"]
[Source "ChessBase"]
[SourceQuality "1"]
[TimeControl "40/5400+30:1800+30"]

1. Nf3 {[%emt 0:00:00]} c5 {[%emt 0:00:00]} 2. c4 {[%emt 0:00:04]} Nc6 {[%emt 0:00:00]} 3. d4 {[%emt 0:00:14]} cxd4 {[%emt 0:00:00]} 4. Nxd4 {[%emt 0:00:04]} Nf6 {[%emt 0:00:01]} 5. Nc3 {[%emt 0:00:14]} e6 {[%emt 0:00:09]} 6. g3 {[%emt 0:00:16]} Qb6 {[%emt 0:00:42]} 7. Ndb5 {[%emt 0:00:18]} Ne5 {[%emt 0:01:44]} 8. Bg2 {[%emt 0:00:20]} a6 {[%emt 0:00:58]} 9. Qa4 {[%emt 0:06:51]} Rb8 {[%emt 0:00:19]} 10. Na3 {[%emt 0:00:28]} Be7 {[%emt 0:00:19]} 11. O-O {[%emt 0:06:35]} O-O {[%emt 0:00:12]} 12. Qb3 {[%emt 0:00:18]} Qc7 {[%emt 0:08:44]} 13. Bf4 {[%emt 0:01:34]} b6 {[%emt 0:06:19]} 14. Rac1 {[%emt 0:09:08]} d6 {[%emt 0:02:45]} 15. Rfd1 {[%emt 0:02:25]} Ng6 {[%emt 0:00:24]} 16. Bd2 {[%emt 0:02:29]} Bb7 {[%emt 0:00:40]} 17. e4 {[%emt 0:03:14]} Rfc8 {[%emt 0:03:54]} 18. Be3 {[%emt 0:05:58]} Ba8 {[%emt 0:07:30]} 19. h3 {[%emt 0:05:11]} Ne5 {[%emt 0:01:57]} 20. Bf4 {[%emt 0:12:51]} h6 {[%emt 0:11:27]} 21. Qa4 {[%emt 0:11:42]} Bc6 {[%emt 0:11:49]} 22. Qc2 {[%emt 0:01:15]} Qb7 {[%emt 0:03:33]} 23. Qe2 {[%emt 0:02:45]} g5 {[%emt 0:04:03]} 24. Bd2 {[%emt 0:01:36]} b5 {[%emt 0:00:21]} 25. cxb5 {[%emt 0:01:16]} axb5 {[%emt 0:00:10]} 26. b4 {[%emt 0:05:27]} Qa7 {[%emt 0:00:55]} 27. Naxb5 {[%emt 0:07:31]} Bxb5 {[%emt 0:01:17]} 28. Nxb5 {[%emt 0:00:05]} Qxa2 {[%emt 0:00:44]} 29. Nc3 {[%emt 0:02:16]} Qc4 {[%emt 0:00:53]} 30. Rb1 {[%emt 0:03:46]} Qxe2 {[%emt 0:09:00]} 31. Nxe2 {[%emt 0:00:02]} Rc4 {[%emt 0:00:09]} 32. Rbc1 {[%emt 0:06:29]} Rxc1 {[%emt 0:04:54]} 33. Rxc1 {[%emt 0:00:07]} d5 {[%emt 0:00:29]} 34. exd5 {[%emt 0:00:43]} Nxd5 {[%emt 0:00:39]} 35. Bxd5 {[%emt 0:01:07]} exd5 {[%emt 0:00:03]} 36. Bc3 {[%emt 0:00:11]} Nc6 {[%emt 0:00:54]} 37. Rd1 {[%emt 0:00:28]} Rb5 {[%emt 0:00:16]} 38. Ra1 {[%emt 0:02:15]} Bxb4 {[%emt 0:08:29]} 39. Ra8+ {[%emt 0:00:06]} Bf8 {[%emt 0:05:04]} 40. g4 {[%emt 0:01:14]} Rb8 {[%emt 0:00:34]} 41. Ra6 {[%emt 0:01:36]} Rc8 {[%emt 0:02:20]} 42. Kg2 {[%emt 0:03:07]} Ne7 {[%emt 0:01:22]} 43. h4 {[%emt 0:09:05]} gxh4 {[%emt 0:04:31]} 44. Bf6 {[%emt 0:04:35]} Ng6 {[%emt 0:02:41]} 45. Ra2 {[%emt 0:07:44]} Re8 {[%emt 0:16:14]} 46. Nd4 {[%emt 0:00:47]} Re4 {[%emt 0:00:44]} 47. f3 {[%emt 0:03:37]} Rf4 {[%emt 0:00:11]} 48. Nf5 {[%emt 0:00:33]} h3+ {[%emt 0:06:11]} 49. Kxh3 {[%emt 0:01:20]} Rxf3+ {[%emt 0:00:20]} 50. Kg2 {[%emt 0:00:01]} Rf4 {[%emt 0:00:24]} 51. Ra8 {[%emt 0:01:12]} Rxg4+ {[%emt 0:00:51]} 52. Kh3 {[%emt 0:00:09]} Rf4 {[%emt 0:00:09]} 53. Nxh6+ {[%emt 0:02:18]} Kh7 {[%emt 0:00:03]} 54. Ng4 {[%emt 0:01:17]} Bg7 {[%emt 0:00:12]} 55. Ra6 {[%emt 0:00:34]} d4 {[%emt 0:03:09]} 56. Rd6 {[%emt 0:00:23]} Rf3+ {[%emt 0:02:29]} 57. Kg2 {[%emt 0:00:07]} Rd3 {[%emt 0:00:16]} 58. Kf2 {[%emt 0:00:35]} Bxf6 {[%emt 0:00:26]} 59. Nxf6+ {[%emt 0:00:10]} Kh6 {[%emt 0:00:59]} 60. Ne4 {[%emt 0:00:24]} Kg7 {[%emt 0:00:16]} 61. Nc5 {[%emt 0:00:42]} Rc3 {[%emt 0:00:04]} 62. Ne4 {[%emt 0:00:13]} Rc2+ {[%emt 0:00:36]} 63. Kf1 {[%emt 0:01:18]} Rc1+ {[%emt 0:01:06]} 64. Kf2 {[%emt 0:00:21]} Rc2+ {[%emt 0:01:05]} 65. Kf1 {[%emt 0:00:06]} Rc4 {[%emt 0:00:41]} 66. Nd2 {[%emt 0:00:28]} Rc2 {[%emt 0:01:23]} 67. Rxd4 {[%emt 0:00:26]} f5 {[%emt 0:00:37]} 68. Nf3 {[%emt 0:00:29]} f4 {[%emt 0:00:47]} 69. Rd2 {[%emt 0:00:13]} Rc5 {[%emt 0:00:23]} 70. Kf2 {[%emt 0:00:23]} Kf6 {[%emt 0:00:01]} 71. Rb2 {[%emt 0:00:45]} Rc6 {[%emt 0:00:17]} 72. Rd2 {[%emt 0:00:26]} Ne7 {[%emt 0:00:14]} 73. Rd8 {[%emt 0:01:15]} Rc2+ {[%emt 0:00:15]} 74. Rd2 {[%emt 0:00:05]} Rc3 {[%emt 0:00:16]} 75. Rd8 {[%emt 0:00:38]} Ke6 {[%emt 0:00:41]} 76. Nd4+ {[%emt 0:00:53]} Kf7 {[%emt 0:00:12]} 77. Ne2 {[%emt 0:00:29]} Rc2 {[%emt 0:00:19]} 78. Rd4 {[%emt 0:00:49]} Ng6 {[%emt 0:00:08]} 79. Kf1 {[%emt 0:00:29]} Rc5 {[%emt 0:01:30]} 80. Kf2 {[%emt 0:00:23]} Rf5 {[%emt 0:00:02]} 81. Kf3 {[%emt 0:00:33]} Ne5+ {[%emt 0:00:06]} 82. Ke4 {[%emt 0:00:17]} f3 {[%emt 0:01:36]} 83. Kxf5 {[%emt 0:00:40]} fxe2 {[%emt 0:00:05]} 84. Re4 {[%emt 0:00:07]} Nf3 {[%emt 0:00:05]} 85. Rxe2 {[%emt 0:00:10]} Nd4+ {[%emt 0:00:02]} 86. Ke4 {[%emt 0:00:05]} 1/2-1/2

[Event "FIDE Women GP Monaco 2019"]
[Site "Monaco"]
[Date "2019.12.11"]
[Round "8.6"]
[White "Goryachkina, Aleksandra"]
[Black "Gunina, Valentina"]
[Result "1-0"]
[WhiteElo "2572"]
[BlackElo "2492"]
[Annotator "ChessBase"]
[PlyCount "101"]
[EventDate "2019.12.03"]
[EventType "tourn"]
[EventCountry "MNC"]
[SourceTitle "playchess.com"]
[Source "ChessBase"]
[SourceQuality "1"]
[TimeControl "40/5400+30:1800+30"]

1. d4 {[%emt 0:00:00]} Nf6 {[%emt 0:00:00]} 2. c4 {[%emt 0:00:00]} e6 {[%emt 0:00:00]} 3. g3 {[%emt 0:00:19]} d5 {[%emt 0:01:21]} 4. Bg2 {[%emt 0:00:19]} Be7 {[%emt 0:00:14]} 5. Nf3 {[%emt 0:00:37]} O-O {[%emt 0:00:07]} 6. O-O {[%emt 0:01:16]} Nbd7 {[%emt 0:00:04]} 7. Nbd2 {[%emt 0:03:09]} c6 {[%emt 0:00:09]} 8. Qc2 {[%emt 0:00:17]} b6 {[%emt 0:00:10]} 9. e4 dxc4 {[%emt 0:00:27]} 10. Nxc4 {[%emt 0:01:03]} Bb7 {[%emt 0:00:15]} 11. Bg5 {[%emt 0:01:17]} b5 {[%emt 0:10:36]} 12. Ne3 {[%emt 0:01:56]} h6 {[%emt 0:03:33]} 13. e5 {[%emt 0:09:10]} Nd5 {[%emt 0:13:08]} 14. Nxd5 {[%emt 0:03:59]} cxd5 {[%emt 0:04:07]} 15. Bxe7 {[%emt 0:00:28]} Qxe7 {[%emt 0:00:02]} 16. Qc7 {[%emt 0:07:54]} Rab8 {[%emt 0:04:05]} 17. Rfc1 {[%emt 0:00:59]} Rfc8 {[%emt 0:00:57]} 18. Qa5 Nb6 {[%emt 0:16:53]} 19. Rxc8+ {[%emt 0:09:18]} Rxc8 20. Qxb5 {[%emt 0:13:20]} Rc2 {[%emt 0:07:20]} 21. Rb1 g6 {[%emt 0:27:46]} 22. Bf1 {[%emt 0:04:07]} Qc7 {[%emt 0:01:28]} 23. Bd3 {[%emt 0:05:16]} Rc1+ {[%emt 0:02:49]} 24. Rxc1 {[%emt 0:07:00]} Qxc1+ {[%emt 0:00:01]} 25. Bf1 {[%emt 0:00:51]} Kg7 26. b3 Qc3 {[%emt 0:05:38]} 27. Kg2 {[%emt 0:10:17]} Qc2 {[%emt 0:01:42]} 28. Qe2 {[%emt 0:01:03]} Qb1 {[%emt 0:00:32]} 29. Qd2 {[%emt 0:01:33]} Qa1 {[%emt 0:00:31]} 30. h4 {[%emt 0:00:28]} Nd7 {[%emt 0:00:30]} 31. Bb5 {[%emt 0:01:14]} Nb8 {[%emt 0:00:33]} 32. Nh2 {[%emt 0:06:08]} h5 {[%emt 0:00:20]} 33. Qf4 {[%emt 0:02:37]} Nc6 {[%emt 0:00:36]} 34. Nf3 {[%emt 0:00:38]} Qb1 {[%emt 0:00:31]} 35. Qf6+ {[%emt 0:01:29]} Kg8 {[%emt 0:00:28]} 36. Ng5 {[%emt 0:01:03]} Qf5 {[%emt 0:00:16]} 37. Qxf5 {[%emt 0:00:10]} exf5 {[%emt 0:00:47]} 38. Bxc6 {[%emt 0:00:09]} Bxc6 {[%emt 0:00:03]} 39. Kf3 {[%emt 0:00:13]} Bb5 {[%emt 0:00:55]} 40. Ke3 {[%emt 0:00:13]} Kf8 {[%emt 0:00:29]} 41. Nh3 {[%emt 0:30:26]} Ke7 {[%emt 0:05:18]} 42. Nf4 {[%emt 0:00:00]} Bc6 {[%emt 0:03:15]} 43. Kd3 {[%emt 0:00:00]} Kd7 {[%emt 0:02:03]} 44. Kc3 {[%emt 0:00:00]} Kc7 {[%emt 0:01:28]} 45. Kb4 {[%emt 0:00:00]} Kb6 {[%emt 0:01:55]} 46. a4 {[%emt 0:00:00]} a5+ {[%emt 0:02:06]} 47. Ka3 {[%emt 0:00:00]} Bb7 {[%emt 0:02:06]} 48. b4 {[%emt 0:00:00]} axb4+ {[%emt 0:01:38]} 49. Kxb4 {[%emt 0:00:00]} Kc6 {[%emt 0:00:11]} 50. e6 {[%emt 0:00:00]} fxe6 {[%emt 0:00:44]} 51. Nxe6 {[%emt 0:00:00]} 1-0

[Event "FIDE Women GP Monaco 2019"]
[Site "Monaco"]
[Date "2019.12.12"]
[Round "9.1"]
[White "Gunina, Valentina"]
[Black "Dzagnidze, Nana"]
[Result "0-1"]
[WhiteElo "2492"]
[BlackElo "2520"]
[Annotator "TA"]
[PlyCount "30"]
[EventDate "2019.12.03"]
[EventType "tourn"]
[EventCountry "MNC"]
[SourceTitle "playchess.com"]
[Source "ChessBase"]
[SourceQuality "1"]

{[%evp 9,80,-16,0,0,0,-25,-24,-33,-33,-44,-26,-47,-52,-155,-129,-146,-152,-158,-184,-183,-187,-408,-447,-437,-417,-418,-400,-521,-514,-601,-447,-446,-339,-346,-346,-333,-334,-353,-323,-367,-359,-387,-370,-393,-382,-418,-406,-427,-431,-442,-431,-474,-470,-486,-490,-543,-524,-504,-404,-823,-865,-1248,-1114,-1777,-1789,-1739,-1685,-1687,-1339,-3611,-2583,-2046,-1825]} 1. e4 c5 2. Nf3 Nc6 3. Bb5 e6 4. Bxc6 bxc6 5. e5 Ne7 6. O-O {B30: Sicilian: 2...Nc6 3 Bb5, lines without ...g6} Ng6 7. c4 (7. Nc3 f6 8. d4 cxd4 9. Qxd4 d6 10. exd6 Qxd6 11. Qe4 Qc7 12. Nb5 Qb6 13. Nbd4 e5 14. Be3 Bb7 15. Ne6 c5 16. Qa4+ Bc6 17. Qc4 Bb5 18. Qxb5+ {1-0 (18) Zakhartsov,V (2486)-Glek,I (2444) Moscow 2018}) 7... Be7 8. Nc3 {Black has an edge.} O-O $146 ({Predecessor:} 8... Qc7 9. Re1 O-O 10. b3 f6 11. exf6 Bxf6 12. Bb2 e5 {0-1 (37) Pruetz,S (1724)-Sabrowski,U (2104) Berlin 2016}) 9. Ne4 Qc7 10. d4 cxd4 11. Nxd4 ({Better is} 11. Qxd4 $15 c5 12. Qc3) 11... c5 12. Nb5 {[#]} Qc6 $1 {[%cal Rc6e4]} ({But not} 12... Qxe5 13. Ned6 $17) 13. Re1 Nxe5 14. Bf4 Nxc4 15. Nc7 $2 (15. b3 {is the only way for White.} Nb6 16. Bd6 Bxd6 17. Nbxd6) 15... f5 {Played: Bc8-b7} 0-1

[Event "FIDE Women GP Monaco 2019"]
[Site "Monaco"]
[Date "2019.12.12"]
[Round "9.2"]
[White "Muzychuk, Mariya"]
[Black "Goryachkina, Aleksandra"]
[Result "1/2-1/2"]
[WhiteElo "2559"]
[BlackElo "2572"]
[Annotator "TA"]
[PlyCount "112"]
[EventDate "2019.12.03"]
[EventType "tourn"]
[EventCountry "MNC"]
[SourceTitle "playchess.com"]
[Source "ChessBase"]
[SourceQuality "1"]

{[%evp 12,112,17,25,20,10,13,12,21,17,10,19,35,25,35,28,85,84,89,82,81,75,61,61,77,56,58,50,73,72,79,68,93,43,97,81,106,83,108,91,104,114,105,101,125,144,120,98,95,99,97,91,88,100,95,91,89,79,95,66,76,63,69,64,66,66,69,69,69,69,69,77,77,46,56,43,68,29,29,29,30,14,13,14,13,8,8,8,0,8,8,0,4,0,0,0,0,0,0,0,0,0,0]} 1. e4 e6 2. d4 d5 3. Nc3 Nf6 4. Bg5 dxe4 5. Nxe4 Be7 6. Bxf6 gxf6 7. Qd2 b6 {C13: French: Classical System: 4 Bg5 Be7, Alekhine-Chatard Attack} 8. O-O-O Bb7 9. Nc3 c6 10. Kb1 Nd7 11. Be2 Bd6 $146 ({Predecessor:} 11... h5 12. Nh3 f5 13. Rhe1 Qc7 14. Ng5 h4 15. Bc4 Nf8 16. d5 Rd8 17. Nb5 Qd7 18. Nxf7 cxd5 19. Nxh8 dxc4 20. Qe2 {1-0 (20) Sethuraman,S (2619)-Ganguly,S (2640) Fufeng 2017}) 12. Ne4 $36 {[%cal Bc3e4,Be4d2,Bd2c4][%mdl 2080] White is pushing.} Bc7 13. Qc3 a6 (13... a5 $11 {remains equal.}) 14. Bf3 $16 Qe7 15. Nd2 Qd6 16. Nc4 Qe7 17. Ne2 O-O-O 18. g4 Kb8 19. Ng3 Rc8 20. h4 h6 21. Rhe1 Qf8 22. Be4 Ka7 ({Black should play} 22... h5 $14) 23. Qf3 Bd8 24. Ne3 Rg8 25. c4 f5 26. gxf5 Bxh4 27. Nh5 Nf6 28. Nxf6 Bxf6 29. Ng4 Qg7 30. Nxf6 Qxf6 31. fxe6 Qxf3 32. Bxf3 fxe6 33. Rxe6 Rgf8 34. Rd3 h5 35. Re7 Kb8 36. Rde3 h4 37. Rh7 Rh8 38. Ree7 Rxh7 39. Rxh7 $14 {[%mdl 4096] Endgame KRB-KRB} Rf8 40. Be4 Rxf2 41. Rxh4 Rd2 42. Bc2 Bc8 43. Rf4 Be6 44. b3 b5 45. Kc1 Re2 46. Kd1 Rh2 {The position is equal.} 47. Rf6 Bd7 48. d5 bxc4 49. bxc4 cxd5 50. cxd5 a5 51. Kc1 Kc7 52. d6+ Kb6 $1 53. Rf7 Bc6 54. Bf5 Rf2 55. a3 Kc5 56. Be6 Rxf7 {Accuracy: White = 63%, Black = 61%.} 1/2-1/2

[Event "FIDE Women GP Monaco 2019"]
[Site "Monaco"]
[Date "2019.12.12"]
[Round "9.3"]
[White "Muzychuk, Anna"]
[Black "Cramling, Pia"]
[Result "1/2-1/2"]
[WhiteElo "2537"]
[BlackElo "2461"]
[Annotator "TA"]
[PlyCount "61"]
[EventDate "2019.12.03"]
[EventType "tourn"]
[EventCountry "MNC"]
[SourceTitle "playchess.com"]
[Source "ChessBase"]
[SourceQuality "1"]

{[%evp 12,61,11,19,32,10,12,14,35,42,34,33,61,37,45,35,37,42,54,37,64,44,39,39,69,31,105,87,94,64,141,137,141,137,139,133,149,145,145,32,37,25,32,40,45,0,0,0,22,45,22,38]} 1. e4 c5 2. Nf3 d6 3. d4 cxd4 4. Nxd4 Nf6 5. Nc3 a6 6. h3 e5 7. Nde2 h5 {B90: Sicilian Najdorf: Unusual White 6th moves, 6 Be3 Ng4 and 6 Be3 e5} 8. g3 Be6 (8... Nbd7 9. Bg2 b5 10. O-O Bb7 11. a4 b4 12. Nd5 Nxd5 13. exd5 Be7 14. a5 Rb8 15. Bd2 {1-0 (36) Wei,Y (2721)-Vachier Lagrave,M (2774) chess.com INT 2019}) 9. Bg2 Nbd7 10. a4 Be7 11. O-O Qc7 12. Bg5 O-O 13. Qd2 $146 ({Predecessor:} 13. b3 Bd8 14. Qd2 Rc8 15. Rac1 {½-½ (58) Obrusnik,M (2248)-Musialkiewicz,J (2266) Poronin 2013}) 13... Rfc8 14. b3 Nc5 15. Rfd1 Ne8 16. Be3 Nf6 17. a5 Qc6 {[%cal Rc5e4]} 18. Bg5 Rd8 ({Black should play} 18... b5 $14) 19. Qe3 b5 20. f4 Rab8 ({Better is} 20... Qb7 $14) 21. f5 $16 Bc8 {[#]} 22. Bxf6 $1 Bxf6 23. Nd5 {Black must now prevent g4.} Nd7 24. b4 Bb7 25. Ra3 (25. Rd3 $16 Qxc2 26. Rd2) 25... Qxc2 $14 26. Rc1 Qb2 {[#] aiming for ...Bxd5.} 27. Rb3 {[%mdl 1024] White has compensation.} Qa2 {Hoping for ...Bxd5.} 28. Ra3 Qb2 {Strongly threatening ...Bxd5.} 29. Rb3 Qa2 {Threatens to win with ...Bxd5.} 30. Rcb1 Bxd5 $1 31. R3b2 {Accuracy: White = 63%, Black = 46%.} 1/2-1/2

[Event "FIDE Women GP Monaco 2019"]
[Site "Monaco"]
[Date "2019.12.12"]
[Round "9.4"]
[White "Koneru, Humpy"]
[Black "Paehtz, Elisabeth"]
[Result "0-1"]
[WhiteElo "2574"]
[BlackElo "2475"]
[Annotator "TA"]
[PlyCount "58"]
[EventDate "2019.12.03"]
[EventType "tourn"]
[EventCountry "MNC"]
[SourceTitle "playchess.com"]
[Source "ChessBase"]
[SourceQuality "1"]

{[%evp 11,74,39,57,26,25,23,17,22,20,0,5,8,14,6,9,-57,-47,-57,-58,-59,-49,-80,-78,-173,-177,-226,-229,-243,-236,-243,-228,-291,-352,-335,-348,-329,-345,-341,-334,-317,-333,-336,-300,-319,-253,-263,-258,-239,-197,-236,-217,-222,-188,-195,-193,-465,-402,-454,-196,-415,-297,-568,-561,-515,-499]} 1. d4 Nf6 2. c4 g6 3. Nc3 Bg7 4. e4 d6 5. Be2 O-O 6. Bg5 a6 7. Qd2 {E73: King's Indian: Averbakh Variation without 6...c5} (7. Nf3 Bg4 8. O-O Nfd7 9. d5 Re8 10. Rc1 c5 11. a4 b5 12. cxb5 axb5 13. Bxb5 Ne5 14. Bxe8 Qxe8 15. Bf4 {0-1 (33) Korobov,A (2700)-Guseinov,G (2634) Berlin 2015}) 7... c5 8. Nf3 cxd4 9. Nxd4 {The position is equal.} Nc6 10. Nc2 Be6 11. O-O Rc8 12. Rac1 Qa5 13. a3 $146 (13. f4 $11) ({Predecessor:} 13. Rfd1 Nd7 14. Nd5 Qxd2 15. Rxd2 f6 16. Be3 f5 17. exf5 gxf5 18. f4 {0-1 (39) Savinov,L (2110)-Atabayev,Y (2428) St Petersburg 2015}) 13... Nd7 $1 $15 14. Nb4 Nd4 {Threatens to win with ...Nb3.} 15. Bd1 Bxc4 16. Ncd5 Bxd5 $1 17. Rxc8 (17. Nxd5 $17 {keeps fighting.} Qxd2 18. Bxd2 Rxc1 19. Nxe7+ Kh8 20. Bxc1) 17... Rxc8 $19 18. exd5 Nb6 19. Bxe7 Nc4 ({Resist} 19... Nxd5 20. Bxd6 Nb6 21. Bg3 $17) 20. Qc1 Qc7 21. Re1 Qd7 22. Bg5 {[#]} Nxb2 $1 {[%mdl 512]} 23. Qd2 ({Inferior is} 23. Qxb2 {[#]} Nf3+ $1 {[%mdl 512]} 24. Bxf3 Bxb2 $19) 23... Nxd1 24. Qxd1 a5 25. Nd3 Qf5 26. h4 Qxd5 27. Nf4 Qf5 {aiming for ...h6.} 28. Ne2 Nxe2+ 29. Rxe2 Be5 {Played: Qf5-c5} 0-1

[Event "FIDE Women GP Monaco 2019"]
[Site "Monaco"]
[Date "2019.12.12"]
[Round "9.5"]
[White "Lagno, Kateryna"]
[Black "Harika, Dronavalli"]
[Result "1/2-1/2"]
[WhiteElo "2547"]
[BlackElo "2518"]
[Annotator "TA"]
[PlyCount "52"]
[EventDate "2019.12.03"]
[EventType "tourn"]
[EventCountry "MNC"]
[SourceTitle "playchess.com"]
[Source "ChessBase"]
[SourceQuality "1"]

{[%evp 10,52,14,20,33,28,43,47,35,22,29,18,13,2,23,18,24,16,27,27,25,23,24,33,31,25,37,36,25,27,14,0,0,0,0,0,0,0,0,0,0,0,0,0,0]} 1. e4 c5 2. Nf3 Nc6 3. Bb5 g6 4. Bxc6 bxc6 5. O-O Bg7 6. Re1 Qc7 {B31: Sicilian: 2...Nc6 3 Bb5 g6} (6... Nh6 7. c3 O-O 8. d4 cxd4 9. cxd4 d5 10. e5 f6 11. exf6 exf6 12. Nbd2 Re8 13. Nb3 Rxe1+ 14. Qxe1 Nf5 15. Bd2 Bd7 16. Nc5 Qc7 17. Rc1 Re8 {½-½ (48) Aronian,L (2758)-Le,Q (2708) Khanty-Mansiysk 2019}) 7. c3 d6 8. d4 cxd4 {White is slightly better.} 9. cxd4 Bg4 10. Be3 Qb7 $146 ({Predecessor:} 10... Nf6 11. Nbd2 O-O 12. Qc2 Rfc8 13. Rac1 Rab8 14. h3 Bxf3 15. Nxf3 {0-1 (48) Brodbeck,S (2084)-Bengsch,B Dortmund 1999}) 11. b3 c5 12. Nc3 Bxf3 13. gxf3 cxd4 14. Bxd4 Nf6 15. Nd5 e5 16. Nxf6+ Bxf6 17. Be3 Rd8 18. Rc1 O-O 19. Qd5 Qe7 20. Rc6 {The position is equal.} Bg5 21. Rd1 $36 {[%cal Rc6d6][%mdl 2048] White has some pressure.} Bxe3 22. fxe3 Qg5+ 23. Kf2 Qh4+ 24. Kg2 Qg5+ 25. Kf2 Qh4+ 26. Kg2 Qg5+ {Accuracy: White = 88%, Black = 60%.} 1/2-1/2

[Event "FIDE Women GP Monaco 2019"]
[Site "Monaco"]
[Date "2019.12.12"]
[Round "9.6"]
[White "Kosteniuk, Alexandra"]
[Black "Zhao, Xue"]
[Result "1/2-1/2"]
[WhiteElo "2483"]
[BlackElo "2485"]
[Annotator "ChessBase"]
[PlyCount "83"]
[EventDate "2019.12.03"]
[EventType "tourn"]
[EventCountry "MNC"]
[SourceTitle "playchess.com"]
[Source "ChessBase"]
[SourceQuality "1"]
[TimeControl "40/5400+30:1800+30"]

1. e4 {[%emt 0:00:00]} e5 {[%emt 0:00:00]} 2. Nf3 {[%emt 0:00:00]} Nc6 {[%emt 0:00:00]} 3. Bb5 {[%emt 0:00:00]} a6 {[%emt 0:00:13]} 4. Ba4 {[%emt 0:00:00]} Nf6 {[%emt 0:00:18]} 5. d4 {[%emt 0:00:00]} exd4 {[%emt 0:02:24]} 6. O-O {[%emt 0:00:06]} Be7 {[%emt 0:02:31]} 7. e5 {[%emt 0:00:40]} Ne4 {[%emt 0:02:35]} 8. Nxd4 {[%emt 0:00:06]} Nxd4 {[%emt 0:06:30]} 9. Qxd4 {[%emt 0:00:30]} Nc5 {[%emt 0:00:05]} 10. Bb3 {[%emt 0:00:06]} O-O {[%emt 0:03:15]} 11. Nc3 {[%emt 0:00:31]} d6 {[%emt 0:01:05]} 12. Bf4 {[%emt 0:01:40]} dxe5 {[%emt 0:07:54]} 13. Qxe5 {[%emt 0:00:41]} Bd6 {[%emt 0:08:02]} 14. Qd4 {[%emt 0:00:26]} Nxb3 15. cxb3 {[%emt 0:00:26]} Qh4 {[%emt 0:09:11]} 16. g3 {[%emt 0:01:42]} Qh5 {[%emt 0:13:32]} 17. Bxd6 {[%emt 0:02:46]} cxd6 {[%emt 0:00:42]} 18. Qxd6 {[%emt 0:02:20]} Bg4 {[%emt 0:00:03]} 19. Qd5 {[%emt 0:03:45]} Qxd5 {[%emt 0:06:03]} 20. Nxd5 {[%emt 0:00:05]} Bf3 {[%emt 0:01:13]} 21. Nb6 {[%emt 0:27:07]} Rad8 {[%emt 0:00:36]} 22. Rfe1 {[%emt 0:01:48]} g5 {[%emt 0:05:08]} 23. Rac1 {[%emt 0:12:08]} f6 {[%emt 0:02:04]} 24. Re7 {[%emt 0:10:43]} Rd6 {[%emt 0:06:21]} 25. Nc4 {[%emt 0:01:18]} Rd4 {[%emt 0:02:40]} 26. Ne3 {[%emt 0:00:27]} Bc6 {[%emt 0:11:01]} 27. f3 {[%emt 0:23:13]} Rd2 {[%emt 0:03:45]} 28. Nc4 {[%emt 0:01:10]} Rd5 {[%emt 0:02:26]} 29. Kf2 {[%emt 0:01:39]} Rfd8 {[%emt 0:01:04]} 30. g4 {[%emt 0:01:10]} h5 {[%emt 0:01:24]} 31. Re2 {[%emt 0:04:33]} Kf7 {[%emt 0:00:59]} 32. Ne3 {[%emt 0:00:25]} Re5 {[%emt 0:01:11]} 33. h3 {[%emt 0:01:19]} Rh8 {[%emt 0:00:32]} 34. Nf1 {[%emt 0:01:54]} Ra5 {[%emt 0:00:50]} 35. a4 {[%emt 0:00:26]} hxg4 {[%emt 0:00:33]} 36. hxg4 {[%emt 0:00:01]} f5 {[%emt 0:00:18]} 37. Rce1 {[%emt 0:01:56]} Rh3 {[%emt 0:00:30]} 38. Nd2 {[%emt 0:00:10]} Rd5 {[%emt 0:00:25]} 39. Nc4 {[%emt 0:00:15]} Rh2+ {[%emt 0:01:04]} 40. Kg1 {[%emt 0:00:59]} Rxe2 {[%emt 0:00:11]} 41. Rxe2 {[%emt 0:30:02]} Kf6 {[%emt 0:30:38]} 42. Kf2 {[%emt 0:00:00] Ke5} 1/2-1/2